Представление документа в формате RUSMARC

Поле Инд. ПП Название Значение
Тип записи a
Библиографический уровень a
001 Контрольный номер f9ea6cb052014b1db45c40db2148cd68
005 Дата корректировки 20181120134548.5
100 a Данные общей обработки 20180821 ||| 0rusy0189 ca
101 0_ a Язык текста rus
102 a Страна публикации RU
200 1_ f Первые сведения об ответственности А.В. Гриненко
a Заглавие Общий порядок судебного разбирательства в суде первой инстанции: критические размышления
210 d Дата издания 2018
461 _0 1 2000
a Российский судья
463 _0 1 2000
a №2
v С. 42-45
1 2101
d 2018
1 00133e4d91bafbd4071988905378a9905e0
606 a Основная рубрика Уголовно-процессуальное право
610 0_ a Ключевые слова УГОЛОВНЫЙ ПРОЦЕСС
a Ключевые слова СУДЕБНОЕ РАЗБИРАТЕЛЬСТВО
700 _1 a Фамилия Гриненко
b Имя А.В.
801 _0 a Страна RU
b Организация РГУП
c Дата составления 20180821
g Правила каталогизации PSBO
801 _1 a Страна RU
b Организация РГУП
c Дата составления 20180821
g Правила каталогизации PSBO
901 t Тип документа b
w Контрольный № источника 33e4d91bafbd4071988905378a9905e0
905 a Дата ввода 20180821